| 000 | 00598nam a2200217 a 4500 | ||
|---|---|---|---|
| 005 | 20140310183544.0 | ||
| 008 | 110926s19uu xx 00 eng d | ||
| 020 | _a9780071276337 | ||
| 050 |
_aHD 30.28 _b.W3349 2009 |
||
| 100 | _aWalker, Gordon | ||
| 245 |
_aModern competitive strategy / _cGordon Walker. |
||
| 250 | _a3rd. ed. | ||
| 260 |
_aNew York : _bMcGraw-Hill/Irwin, _c2009. |
||
| 300 |
_a394 p. : _bill. ; _c24 cm. |
||
| 500 | _aIncludes index. | ||
| 521 | _aBSBA | ||
| 650 | _aStrategic planning. | ||
| 650 | _aIndustrial management. | ||
| 942 |
_cBK _2lcc _kFOR |
||
| 999 |
_c24844 _d24844 |
||